000 00483nam a2200193Ia 4500
005 20240823054133.0
008 240823s9999||||xx |||||||||||||| ||und||
020 _a978-93-83103-11-9
041 _aENGLISH
082 _A658.562 Q6
100 _aJayakumar V
245 0 _aTotal Quality Management
250 _a6th
260 _c2016
_bLakshmi Puplications Ch
500 _aYES
650 _aTotal Quality Management
_bManagement Studies
700 _a Raju R
942 _cBK
999 _c225761
_d225761